[Event "46th Bosna it"]
[Site "Sarajevo BIH"]
[Date "2016.05.31"]
[Round "5.23"]
[White "Kozarcanin, Sead"]
[Black "Kvisvik, Brede"]
[Result "1/2-1/2"]
[WhiteElo "2053"]
[BlackElo "2287"]
[EventDate "2016.05.28"]
[PlyCount "72"]

1.e4 e6 2.d3 c5 3.g3 Nc6 4.Bg2 d5 5.Nd2 Nf6 6.Ngf3 Be7 7.O-O b5 8.Re1 O-O 
9.h4 a5 10.a3 Bb7 11.e5 Nd7 12.Nf1 b4 13.axb4 cxb4 14.b3 Qb6 15.Be3 Bc5 
16.d4 Be7 17.h5 Rfc8 18.N1h2 Na7 19.Bf1 Ba6 20.Bc1 Bxf1 21.Nxf1 Nb5 22.Bb2
Qc6 23.Ne3 Nb6 24.Ra2 a4 25.bxa4 Nxa4 26.Qd3 Nbc3 27.Bxc3 Nxc3 28.Rxa8 
Rxa8 29.Nd2 Qb5 30.Qxb5 Nxb5 31.Nb3 Kf8 32.Kf1 Ke8 33.Ke2 Kd7 34.Kd3 Bd8 
35.Ra1 Ra3 36.Rxa3 Nxa3 1/2-1/2

[Event "46th Bosna it"]
[Site "Sarajevo BIH"]
[Date "2016.05.31"]
[Round "5.24"]
[White "Kantorik, Marian"]
[Black "Lakovic, Igor"]
[Result "1-0"]
[WhiteElo "2285"]
[BlackElo "1944"]
[EventDate "2016.05.28"]
[PlyCount "50"]

1.d4 Nf6 2.c4 e6 3.g3 d5 4.Nf3 Bb4+ 5.Bd2 Be7 6.Bg2 c6 7.b3 b6 8.O-O Ba6 
9.Qc2 O-O 10.Rd1 Nbd7 11.Be1 b5 12.c5 Qc7 13.b4 Rfe8 14.Bc3 Ne4 15.Bb2 Bf8
16.Nbd2 Nxd2 17.Nxd2 g6 18.e4 Bg7 19.e5 f6 20.f4 fxe5 21.fxe5 Rf8 22.Nf3 
Bh6 23.Bc1 Bg7 24.Ng5 Rfe8 25.Bh3 Nf8 1-0

[Event "46th Bosna it"]
[Site "Sarajevo BIH"]
[Date "2016.05.31"]
[Round "5.26"]
[White "Hadziselimovic, Bernardina"]
[Black "Michalicka, Milan"]
[Result "0-1"]
[WhiteElo "1948"]
[BlackElo "2164"]
[EventDate "2016.05.28"]
[PlyCount "142"]

1.e4 c5 2.Nc3 g6 3.g3 Bg7 4.Bg2 Nc6 5.f4 d6 6.Nf3 Bg4 7.h3 Bxf3 8.Qxf3 Nf6
9.O-O O-O 10.d3 Nd7 11.Kh1 Rb8 12.g4 b5 13.Qd1 b4 14.Ne2 Nd4 15.Ng3 a5 16.
Rb1 a4 17.b3 Nb5 18.Ne2 Na3 19.Bxa3 bxa3 20.d4 cxd4 21.Nxd4 Qb6 22.e5 Rfc8
23.bxa4 Qxb1 24.Qxb1 Rxb1 25.Rxb1 dxe5 26.Nc6 Kf8 27.fxe5 Nxe5 28.Rb8 Rxb8
29.Nxb8 Nc4 30.Bd5 Ne3 31.Bb3 Bc3 32.Nc6 Ke8 33.Na7 f5 34.Nb5 Bb4 35.Nc7+ 
Kd7 36.Nd5 Nxd5 37.Bxd5 e6 38.Bc4 Kd6 39.Kg2 h6 40.gxf5 gxf5 41.Bd3 Ke5 
42.Kf3 Kf6 43.Bf1 e5 44.Ke3 Ke6 45.Bg2 Kd6 46.Bb7 Bc5+ 47.Kf3 Ke6 48.Bc8+ 
Kf6 49.a5 e4+ 50.Kf4 Bd6+ 51.Ke3 Ke5 52.c3 f4+ 53.Ke2 Bc5 54.Bg4 f3+ 55.
Kf1 Kf4 56.Bd7 e3 57.Bb5 e2+ 58.Bxe2 fxe2+ 59.Kxe2 Ke4 60.Kd2 Kd5 61.Kd3 
Kc6 62.Ke4 Bf2 63.Kd3 Kb5 64.Ke2 Bc5 65.Kd3 Kxa5 66.Kc4 Bf8 67.Kd5 Kb5 68.
Kd4 Bg7+ 69.Kd3 Kc5 70.c4 Kb4 71.h4 h5 0-1

[Event "46th Bosna it"]
[Site "Sarajevo BIH"]
[Date "2016.05.31"]
[Round "5.27"]
[White "Batricevic, Sasa"]
[Black "Musovic, Sabrija"]
[Result "1/2-1/2"]
[WhiteElo "2296"]
[BlackElo "2025"]
[EventDate "2016.05.28"]
[PlyCount "50"]

1.e4 c5 2.Nf3 d6 3.d4 cxd4 4.Nxd4 Nf6 5.Nc3 a6 6.Bg5 e6 7.Qf3 Be7 8.O-O-O 
Qc7 9.g4 Nc6 10.Rg1 Bd7 11.Be3 h5 12.h3 hxg4 13.hxg4 b5 14.g5 Ne5 15.Qe2 
Nh5 16.f4 b4 17.Nb1 Nc6 18.g6 Nxd4 19.gxf7+ Kxf7 20.Bxd4 Rac8 21.Rd2 Nxf4 
22.Rxg7+ Kf8 23.Qf2 e5 24.Rg1 Bh4 25.Qf3 Rh7 1/2-1/2

[Event "46th Bosna it"]
[Site "Sarajevo BIH"]
[Date "2016.05.31"]
[Round "5.28"]
[White "Kamberovic, Senad"]
[Black "Jelen, Darko"]
[Result "1-0"]
[WhiteElo "2179"]
[BlackElo "2018"]
[EventDate "2016.05.28"]
[PlyCount "59"]

1.d4 d5 2.Nf3 Bf5 3.c4 e6 4.Nc3 c6 5.g3 Nf6 6.Bg2 Bd6 7.O-O h6 8.Qb3 Qb6 
9.c5 Qxb3 10.axb3 Bc7 11.b4 Ne4 12.Bf4 Bxf4 13.gxf4 Nxc3 14.bxc3 a6 15.Nd2
Nd7 16.Rfe1 Bg6 17.e4 O-O 18.f5 Bh7 19.fxe6 fxe6 20.Bh3 Rf6 21.exd5 Bf5 
22.Bxf5 exf5 23.d6 Rff8 24.Re7 Rf7 25.Rae1 Raf8 26.Nc4 Nf6 27.Na5 Nd5 28.
Rxb7 Rxb7 29.Nxb7 Nf6 30.Na5 1-0

[Event "46th Bosna it"]
[Site "Sarajevo BIH"]
[Date "2016.05.31"]
[Round "5.29"]
[White "Terzic, Ilijas"]
[Black "Medic, Nevenko"]
[Result "1-0"]
[WhiteElo "2165"]
[BlackElo "2000"]
[EventDate "2016.05.28"]
[PlyCount "61"]

1.d4 d5 2.Nf3 Nf6 3.c4 e6 4.Nc3 a6 5.Bg5 Be7 6.e3 O-O 7.Rc1 dxc4 8.Bxc4 b5
9.Bd3 Bb7 10.a4 b4 11.Bxf6 Bxf6 12.Ne4 Nd7 13.Nxf6+ Nxf6 14.O-O Rc8 15.Qe2
Qd6 16.Rfd1 g6 17.h3 Nd7 18.Bb1 Qb6 19.Nd2 c5 20.Nc4 Qc6 21.f3 cxd4 22.Be4
Qc7 23.Bxb7 Qxb7 24.Nd6 Qb8 25.Nxc8 Rxc8 26.Qxa6 Rxc1 27.Rxc1 Qe5 28.Qa8+ 
Nf8 29.Qe4 Qa5 30.Qxd4 Qxa4 31.Rc8 1-0

[Event "46th Bosna it"]
[Site "Sarajevo BIH"]
[Date "2016.05.31"]
[Round "5.30"]
[White "Haskovic, Salih"]
[Black "Sinanovic, Ermin"]
[Result "0-1"]
[WhiteElo "1984"]
[BlackElo "2153"]
[EventDate "2016.05.28"]
[PlyCount "92"]

1.d4 Nf6 2.Nf3 c5 3.g3 cxd4 4.Nxd4 e5 5.Nf3 Nc6 6.Bg2 d5 7.O-O Be7 8.Bg5 
O-O 9.c3 h6 10.Bxf6 Bxf6 11.Qa4 e4 12.Nd4 Ne5 13.Nd2 e3 14.f4 Ng4 15.N2f3 
Re8 16.Qb3 Nf2 17.Rac1 Bh3 18.Bxh3 Nxh3+ 19.Kg2 Nf2 20.Qc2 Re4 21.Qb3 Qd7 
22.Qb5 Qh3+ 23.Kg1 Rd8 24.Rxf2 exf2+ 25.Kxf2 g5 26.fxg5 hxg5 27.Rh1 g4 28.
Ng1 Qh6 29.Qd3 Bxd4+ 30.cxd4 Qf6+ 31.Kg2 Rde8 32.h3 Qxd4 33.Qxd4 Rxd4 34.
hxg4 Rd2 35.Rh5 Rxb2 36.Rxd5 Rxa2 37.Kf3 a6 38.e4 b5 39.Nh3 b4 40.Rd7 Rb8 
41.Ng5 b3 42.e5 b2 43.Nxf7 b1=Q 44.Nh6+ Kf8 45.g5 Rb3+ 46.Kf4 Ra4+ 0-1

[Event "46th Bosna it"]
[Site "Sarajevo BIH"]
[Date "2016.05.31"]
[Round "5.31"]
[White "Aleksic, Neven"]
[Black "Jovovic, Milan"]
[Result "0-1"]
[WhiteElo "2146"]
[BlackElo "1991"]
[EventDate "2016.05.28"]
[PlyCount "106"]

1.d4 Nf6 2.c4 e6 3.Nf3 b6 4.g3 Bb4+ 5.Nbd2 O-O 6.Bg2 Bb7 7.O-O Re8 8.Qc2 
c5 9.a3 Bxd2 10.Bxd2 Be4 11.Qc3 Nc6 12.dxc5 bxc5 13.b4 Qb6 14.b5 Nd4 15.
Nxd4 cxd4 16.Qa5 Rac8 17.f3 Bc2 18.Qxb6 axb6 19.a4 Rxc4 20.a5 bxa5 21.Rxa5
Nd5 22.f4 Nb6 23.Ra6 Rb8 24.Rfa1 f5 25.Ba5 Nc8 26.b6 Be4 27.Bxe4 fxe4 28.
Rb1 Rb7 29.Rb5 d6 30.Ra8 Kf7 31.g4 Ke7 32.Kf2 g6 33.h4 Kd7 34.h5 Rc5 35.
hxg6 hxg6 36.Rb1 Ne7 37.Rh1 Rc8 38.Rxc8 Kxc8 39.Rc1+ Kd7 40.Rh1 Nd5 41.Rd1
e5 42.fxe5 dxe5 43.Rc1 Nxb6 44.Rc5 Kd6 45.Rb5 Rf7+ 46.Ke1 Nd5 47.Bb4+ Nxb4
48.Rxb4 Rc7 49.Rb6+ Rc6 50.Rb7 e3 51.Kd1 Kd5 52.g5 Ke6 53.Rg7 Kf5 0-1

[Event "46th Bosna it"]
[Site "Sarajevo BIH"]
[Date "2016.05.31"]
[Round "5.32"]
[White "Zildzic, Kenan"]
[Black "Halilovic, Fahrudin"]
[Result "1-0"]
[WhiteElo "2135"]
[BlackElo "1973"]
[EventDate "2016.05.28"]
[PlyCount "85"]

1.e4 c5 2.Nc3 d6 3.g3 g6 4.Bg2 Bg7 5.d3 Nc6 6.f4 Nf6 7.Nf3 Rb8 8.h3 b5 9.
O-O b4 10.Ne2 Qb6 11.Be3 a5 12.g4 Bxg4 13.hxg4 Nxg4 14.Qc1 Nxe3 15.Qxe3 
Bxb2 16.Rab1 Bg7 17.Kh1 h5 18.Qf2 h4 19.Bh3 Qb5 20.c4 Qa4 21.Nc1 e6 22.Nb3
Qa3 23.Qc2 a4 24.Nbd2 O-O 25.f5 exf5 26.exf5 Rfe8 27.fxg6 fxg6 28.Bd7 b3 
29.axb3 Nb4 30.Qd1 Re3 31.Bxa4 Nxd3 32.Qc2 Rf8 33.Rbd1 Qb4 34.Bc6 g5 35.
Bd5+ Kh8 36.Nxg5 Qb8 37.Ndf3 Bf6 38.Ne6 Rxe6 39.Bxe6 Nf4 40.Bd5 Qc8 41.Qh2
Qg4 42.Rg1 Qh5 43.Qxf4 1-0

[Event "46th Bosna it"]
[Site "Sarajevo BIH"]
[Date "2016.05.31"]
[Round "5.33"]
[White "Slamar, Velimir"]
[Black "Cunjalo, Faris"]
[Result "1-0"]
[WhiteElo "2115"]
[BlackElo "1966"]
[EventDate "2016.05.28"]
[PlyCount "131"]

1.Nf3 d5 2.c4 c6 3.d4 Nf6 4.Nc3 dxc4 5.a4 Bf5 6.e3 e6 7.Bxc4 Bb4 8.O-O 
Nbd7 9.Qe2 Bg6 10.Rd1 O-O 11.Bd2 a5 12.Rac1 Qe7 13.h3 h6 14.Be1 Rfd8 15.
Bb3 e5 16.Nh4 Bh7 17.Bc2 e4 18.g4 Re8 19.Ng2 Nb6 20.Bb3 Rad8 21.Na2 Bxe1 
22.Rxe1 Nfd5 23.Rc5 Ra8 24.Bxd5 Nxd5 25.Nc3 Nb4 26.Nf4 g5 27.Re5 Qd6 28.
Rxe8+ Rxe8 29.Nh5 Nd3 30.Rf1 Bg6 31.Ng3 Nb4 32.Rd1 Nd5 33.Rc1 Nb4 34.Rd1 
Nd5 35.Nxd5 Qxd5 36.Qc2 f5 37.gxf5 Bxf5 38.Qc5 Rd8 39.Rc1 Bxh3 40.Qe7 Rd7 
41.Qe8+ Kg7 42.Rc5 Qe6 43.Qxe6 Bxe6 44.Nxe4 Kg6 45.Rxa5 Bd5 46.Nc3 Kh5 47.
Nxd5 cxd5 48.Kg2 Kh4 49.Rb5 g4 50.a5 h5 51.b4 g3 52.Rc5 gxf2 53.Kxf2 b6 
54.axb6 Rb7 55.Rxd5 Rxb6 56.b5 Kg4 57.Rc5 h4 58.Rc8 h3 59.Rg8+ Kh4 60.e4 
Rxb5 61.Kf3 h2 62.Rh8+ Kg5 63.Kg3 Rb3+ 64.Kxh2 Rb2+ 65.Kh3 Rd2 66.d5 1-0

[Event "46th Bosna it"]
[Site "Sarajevo BIH"]
[Date "2016.05.31"]
[Round "5.34"]
[White "Sadikovic, Jasmin"]
[Black "Oputic, Mirsad"]
[Result "1-0"]
[WhiteElo "2106"]
[BlackElo "1894"]
[EventDate "2016.05.28"]
[PlyCount "37"]

1.e4 e5 2.Bc4 c5 3.d3 d6 4.f4 Nc6 5.Nf3 Bd7 6.O-O h6 7.fxe5 dxe5 8.Bxf7+ 
Ke7 9.Nh4 Kd6 10.Ng6 Nf6 11.Nxh8 Bg4 12.Rxf6+ Qxf6 13.Qxg4 Be7 14.Qg6 Rxh8
15.Qxf6+ Bxf6 16.Be3 Rf8 17.Bb3 b5 18.a4 b4 19.Nd2 1-0

[Event "46th Bosna it"]
[Site "Sarajevo BIH"]
[Date "2016.05.31"]
[Round "5.36"]
[White "Dedic, Nedzad"]
[Black "Sesar, Ivan"]
[Result "0-1"]
[WhiteElo "1977"]
[BlackElo "2077"]
[EventDate "2016.05.28"]
[PlyCount "84"]

1.e4 c5 2.Nf3 d6 3.d4 cxd4 4.Nxd4 Nf6 5.Nc3 g6 6.Be2 Bg7 7.Be3 O-O 8.Qd2 
Nc6 9.f3 a6 10.Rd1 Nxd4 11.Bxd4 Be6 12.O-O b5 13.a3 Qc8 14.Rc1 Qb7 15.Nd1 
Rfc8 16.Nf2 Bc4 17.Rfe1 e5 18.Be3 Rd8 19.Bxc4 bxc4 20.Qc3 d5 21.Bg5 d4 22.
Qxc4 Qxb2 23.Qb3 Qxb3 24.cxb3 Rdc8 25.Bxf6 Bxf6 26.Nd3 Bg5 27.Rc4 f6 28.g3
Be3+ 29.Kg2 Rxc4 30.bxc4 Rb8 31.Nb4 a5 32.Nd5 Rb2+ 33.Kh3 Bf2 34.Rd1 Kf7 
35.f4 Ke6 36.fxe5 Kxe5 37.c5 h5 38.Nf4 Kxe4 39.Nd3 Rc2 40.Nf4 Be3 41.Nxg6 
d3 42.Nf4 d2 0-1

[Event "46th Bosna it"]
[Site "Sarajevo BIH"]
[Date "2016.05.31"]
[Round "5.37"]
[White "Strinic, Halid"]
[Black "Urh, Zala"]
[Result "1-0"]
[WhiteElo "2073"]
[BlackElo "1860"]
[EventDate "2016.05.28"]
[PlyCount "79"]

1.e4 e6 2.d4 d5 3.Nc3 Nf6 4.e5 Nfd7 5.f4 c5 6.Nf3 Nc6 7.Be3 cxd4 8.Nxd4 
Bc5 9.a3 O-O 10.b4 Bb6 11.g3 a6 12.Nce2 Qe7 13.Bh3 f5 14.exf6 Rxf6 15.Qd2 
Nxd4 16.Bxd4 Bxd4 17.Nxd4 e5 18.Nf5 Qf7 19.O-O e4 20.Ne3 Nb6 21.Bxc8 Rxc8 
22.Rad1 Rd6 23.Qd4 Kf8 24.Rd2 Nc4 25.Nxc4 Rxc4 26.Qxc4 dxc4 27.Rxd6 Qh5 
28.Re1 Qf3 29.Re6 Qxa3 30.R1xe4 Qxb4 31.Kg2 a5 32.Re8+ Kf7 33.Rd8 a4 34.
Rd7+ Kf6 35.g4 h6 36.h4 a3 37.f5 Qb6 38.Re6+ Qxe6 39.fxe6 a2 40.Rd1 1-0

[Event "46th Bosna it"]
[Site "Sarajevo BIH"]
[Date "2016.05.31"]
[Round "5.38"]
[White "Sabic, Muris"]
[Black "Nezirovic, Ozren"]
[Result "1-0"]
[WhiteElo "1971"]
[BlackElo "2067"]
[EventDate "2016.05.28"]
[PlyCount "103"]

1.e4 g6 2.d4 Bg7 3.Nc3 d6 4.Be3 a6 5.a4 b6 6.Nf3 Bb7 7.Qd2 Nd7 8.d5 c6 9.
Nd4 cxd5 10.exd5 Qc7 11.Be2 Ngf6 12.Nb3 Ne5 13.O-O Nfd7 14.Bd4 O-O 15.f4 
Nc4 16.Bxc4 Qxc4 17.Bxg7 Kxg7 18.Rfe1 Rfe8 19.Re4 Qc7 20.f5 Nf6 21.Rh4 h5 
22.Rf1 Rh8 23.fxg6 fxg6 24.Nd4 Bc8 25.Re1 Rf8 26.Nc6 e5 27.Rc4 Qf7 28.Rf1 
Bf5 29.Rb4 Qd7 30.Rxb6 Ne4 31.Nxe4 Bxe4 32.Re1 Bf5 33.Qb4 Rac8 34.Rxa6 
Bxc2 35.Ra7 Rc7 36.Rxc7 Qxc7 37.h3 Qf7 38.Qd2 Bxa4 39.Ra1 Bxc6 40.dxc6 Qc7
41.Rc1 Rc8 42.Kh1 Rb8 43.Rc2 Rb5 44.Qd3 Ra5 45.Rc1 Ra4 46.Qb3 Ra6 47.Qb5 
Ra7 48.b4 e4 49.Qd5 Qe7 50.Qd4+ Kh6 51.Qxa7 Qxa7 52.c7 1-0

[Event "46th Bosna it"]
[Site "Sarajevo BIH"]
[Date "2016.05.31"]
[Round "5.39"]
[White "Selimovic, Amir"]
[Black "Sitnic, Adnan"]
[Result "0-1"]
[WhiteElo "1944"]
[BlackElo "2046"]
[EventDate "2016.05.28"]
[PlyCount "60"]

1.e4 Nc6 2.Nc3 Nf6 3.d4 d6 4.Nf3 Bg4 5.Be2 e5 6.d5 Bxf3 7.Bxf3 Nd4 8.Be3 
c5 9.dxc6 Nxf3+ 10.Qxf3 bxc6 11.Bg5 Be7 12.Bxf6 Bxf6 13.O-O Qb6 14.b3 O-O 
15.Rad1 Rad8 16.Rd3 Be7 17.Qh5 g6 18.Qh6 f5 19.exf5 Rxf5 20.Rh3 Rf7 21.Ne4
Rdf8 22.c4 Qa5 23.Rg3 d5 24.Ng5 Bxg5 25.Rxg5 e4 26.Rd1 Qc5 27.Rf1 e3 28.
Re5 Rxf2 29.Rxf2 exf2+ 30.Kf1 Qd4 0-1

[Event "46th Bosna it"]
[Site "Sarajevo BIH"]
[Date "2016.05.31"]
[Round "5.41"]
[White "Sajin, Mladen"]
[Black "Mesic, Vehid"]
[Result "0-1"]
[WhiteElo "1892"]
[BlackElo "2038"]
[EventDate "2016.05.28"]
[PlyCount "130"]

1.e4 e5 2.Nf3 Nc6 3.Bc4 Nf6 4.d4 exd4 5.O-O Nxe4 6.Re1 d5 7.Bxd5 Qxd5 8.
Nc3 Qh5 9.Nxe4 Be6 10.Bg5 Bd6 11.Nxd6+ cxd6 12.Bf4 Qd5 13.c3 O-O 14.Nxd4 
Nxd4 15.Qxd4 Qxd4 16.cxd4 d5 17.Rec1 Rac8 18.Bc7 Rfe8 19.Rc3 Bd7 20.Rac1 
Re2 21.Ba5 Bc6 22.R3c2 Re4 23.Bc3 Rce8 24.b3 Bb5 25.f3 Re2 26.Bb4 Bc6 27.
a4 R2e3 28.Rc3 f6 29.Rxe3 Rxe3 30.Rc3 Re1+ 31.Kf2 Rb1 32.Bc5 a6 33.Re3 Kf7
34.Kg3 Kg6 35.Kf4 Rb2 36.Kg3 h5 37.h4 Kf5 38.Rd3 Re2 39.Kh3 Bd7 40.Kg3 g5 
41.hxg5 fxg5 42.Bd6 Kg6 43.f4 Bf5 44.Rc3 Be4 45.fxg5 Rxg2+ 46.Kh4 Bf5 47.
Rc7 Rg4+ 48.Kh3 Rxd4+ 49.Kh2 Rd2+ 50.Kg3 Rd3+ 51.Kf4 Rxb3 52.Bf8 h4 53.
Rg7+ Kh5 54.Kxf5 Rf3+ 55.Ke5 Rxf8 56.Kxd5 b5 57.axb5 axb5 58.g6 Rf5+ 59.
Kd4 Rg5 60.Rh7+ Kg4 61.g7 h3 62.Ke3 Kg3 63.Rh5 Rxg7 64.Rxb5 h2 65.Rb1 Rh7 
0-1

[Event "46th Bosna it"]
[Site "Sarajevo BIH"]
[Date "2016.05.31"]
[Round "5.42"]
[White "Janjic, Nikola"]
[Black "Stojkovska, Monika"]
[Result "1-0"]
[WhiteElo "1827"]
[BlackElo "2030"]
[EventDate "2016.05.28"]
[PlyCount "97"]

1.c4 c5 2.Nc3 Nc6 3.g3 g6 4.Bg2 Bg7 5.e3 Nf6 6.Nge2 O-O 7.O-O d6 8.d4 Bd7 
9.b3 Qc8 10.Bb2 Bh3 11.Nf4 Bxg2 12.Kxg2 Rd8 13.d5 Nb4 14.a3 Na6 15.Qd3 e5 
16.dxe6 fxe6 17.Rad1 Nc7 18.Rd2 Ng4 19.Rfd1 Ne8 20.Qe4 Ne5 21.f3 a6 22.Qc2
g5 23.Nd3 Nf7 24.Ne4 g4 25.Bxg7 gxf3+ 26.Kf2 Kxg7 27.Ne1 Qc6 28.Nxf3 d5 
29.cxd5 Rxd5 30.Qc3+ Kg8 31.Rxd5 exd5 32.Nxc5 Rc8 33.Rc1 Nf6 34.Nd2 Ng5 
35.Ke2 b6 36.h4 Nf7 37.Rf1 Nd7 38.Qd4 bxc5 39.Qg4+ Kf8 40.Qf5 Qg6 41.Qxd7 
Re8 42.Qxd5 Qg4+ 43.Qf3 Qe6 44.Nc4 Re7 45.Qf6 Qg4+ 46.Rf3 Ke8 47.Nd6+ Nxd6
48.Qxd6 Rf7 49.Qb8+ 1-0

[Event "46th Bosna it"]
[Site "Sarajevo BIH"]
[Date "2016.05.31"]
[Round "5.44"]
[White "Bajic, Salko"]
[Black "Schettler, Juergen"]
[Result "0-1"]
[WhiteElo "1786"]
[BlackElo "2139"]
[EventDate "2016.05.28"]
[PlyCount "50"]

1.e4 e6 2.d4 d5 3.e5 c5 4.c3 Nc6 5.Nf3 Qb6 6.dxc5 Bxc5 7.Qc2 Qc7 8.Bb5 Bd7
9.Bxc6 bxc6 10.O-O Ne7 11.a4 Ng6 12.b4 Be7 13.Re1 a5 14.Bd2 O-O 15.Ra2 f6 
16.exf6 Rxf6 17.Qd3 e5 18.Qe3 Bd6 19.h3 Raf8 20.Rf1 Rxf3 21.gxf3 Bxh3 22.
Re1 Nf4 23.Kh2 Qd8 24.Rg1 Qh4 25.Rxg7+ Kxg7 0-1

[Event "46th Bosna it"]
[Site "Sarajevo BIH"]
[Date "2016.05.31"]
[Round "5.45"]
[White "Draganovic, Sulejman"]
[Black "Nestorovic, Katarina"]
[Result "0-1"]
[WhiteElo "2082"]
[BlackElo "1849"]
[EventDate "2016.05.28"]
[PlyCount "98"]

1.d4 Nf6 2.Nf3 e6 3.c4 Bb4+ 4.Bd2 Qe7 5.Qb3 c5 6.e3 O-O 7.Bd3 b6 8.a3 
Bxd2+ 9.Nbxd2 d6 10.Qc2 Bb7 11.O-O Re8 12.Ne4 Nbd7 13.Nfg5 h6 14.Nxf6+ 
Nxf6 15.Ne4 Nxe4 16.Bxe4 Bxe4 17.Qxe4 Rad8 18.d5 exd5 19.Qxd5 Qe5 20.Qxe5 
dxe5 21.Rfd1 Kf8 22.f3 f5 23.Kf2 Ke7 24.Ke2 Ke6 25.Rd2 Rxd2+ 26.Kxd2 Rd8+ 
27.Ke2 e4 28.Rd1 Rxd1 29.Kxd1 exf3 30.gxf3 Ke5 31.Kd2 g5 32.Ke2 h5 33.Kf2 
a6 34.a4 f4 35.e4 g4 36.Kg2 Kd4 37.b3 gxf3+ 38.Kxf3 Ke5 39.a5 bxa5 40.h4 
a4 41.bxa4 a5 42.Kf2 Kxe4 43.Ke2 Kd4 44.Kf3 Kxc4 45.Kxf4 Kb3 46.Kg5 c4 47.
Kxh5 c3 48.Kg6 c2 49.h5 c1=Q 0-1

[Event "46th Bosna it"]
[Site "Sarajevo BIH"]
[Date "2016.05.31"]
[Round "5.46"]
[White "Tuna, Alp"]
[Black "Sejmenovic, Senad"]
[Result "1-0"]
[WhiteElo "2034"]
[BlackElo "1802"]
[EventDate "2016.05.28"]
[PlyCount "75"]

1.e4 e5 2.Nf3 Nc6 3.Bb5 d6 4.d4 exd4 5.Nxd4 Bd7 6.O-O Nxd4 7.Bxd7+ Qxd7 8.
Qxd4 Ne7 9.Be3 Nc6 10.Qc3 f6 11.Qb3 Rb8 12.Nc3 b6 13.Rad1 Na5 14.Qd5 c6 
15.Qd3 Qf7 16.Qa6 Qb7 17.Qe2 Qf7 18.Rd4 b5 19.b3 b4 20.Qa6 Qc7 21.Ne2 Be7 
22.Rd2 c5 23.Nf4 Qb6 24.Qe2 O-O 25.Nd5 Qb7 26.Bf4 Rfd8 27.Qg4 Kf7 28.Qh5+ 
Kg8 29.Nxe7+ Qxe7 30.Qd5+ Qf7 31.Bxd6 Qxd5 32.Rxd5 Rbc8 33.Rxc5 Rxc5 34.
Bxc5 Nb7 35.Be3 Kf7 36.f3 Ke6 37.Kf2 a6 38.Ke2 1-0

[Event "46th Bosna it"]
[Site "Sarajevo BIH"]
[Date "2016.05.31"]
[Round "5.47"]
[White "Markovic, Dino"]
[Black "Lapo, Safet"]
[Result "1-0"]
[WhiteElo "2013"]
[BlackElo "1781"]
[EventDate "2016.05.28"]
[PlyCount "87"]

1.d4 Nf6 2.c4 e6 3.Nc3 d5 4.Nf3 c6 5.Bg5 Be7 6.e3 Nbd7 7.Bd3 dxc4 8.Bxc4 
Nd5 9.Bxe7 Qxe7 10.Bxd5 exd5 11.O-O O-O 12.Nd2 Nf6 13.Re1 Bf5 14.f3 Rfe8 
15.e4 dxe4 16.fxe4 Bg4 17.Qc2 Rad8 18.Nb3 Qd7 19.Qf2 b6 20.e5 Nd5 21.Ne4 
Bh5 22.Rac1 Bg6 23.a3 Bxe4 24.Rxe4 Qe6 25.Nd2 Re7 26.Rce1 Rc7 27.Nf3 Rf8 
28.Qg3 Rfc8 29.h4 h6 30.h5 Kh7 31.Nh4 Rg8 32.Rf1 Nf6 33.Re2 Nxh5 34.Qf3 g6
35.g4 Qe7 36.Ng2 Ng7 37.Ne3 Ne6 38.Rh2 Qg5 39.d5 cxd5 40.Nxd5 Qxe5 41.Nf6+
Kg7 42.Nxg8 Kxg8 43.Rxh6 Ng5 44.Qa8+ 1-0

[Event "46th Bosna it"]
[Site "Sarajevo BIH"]
[Date "2016.05.31"]
[Round "5.48"]
[White "Comor, Harun"]
[Black "Pestek, Elvis"]
[Result "0-1"]
[WhiteElo "1761"]
[BlackElo "2003"]
[EventDate "2016.05.28"]
[PlyCount "36"]

1.e4 e6 2.b3 d5 3.Bb2 Nf6 4.e5 Nfd7 5.d4 c5 6.c3 Nc6 7.Nf3 Be7 8.Bd3 O-O 
9.Nbd2 f6 10.exf6 Bxf6 11.h4 e5 12.dxe5 Ndxe5 13.Qc2 Nxd3+ 14.Qxd3 Re8+ 
15.Kf1 Bg4 16.h5 Qd7 17.Qc2 Bf5 18.Qd1 Bd3+ 0-1

[Event "46th Bosna it"]
[Site "Sarajevo BIH"]
[Date "2016.05.31"]
[Round "5.50"]
[White "Vujicic, Dragisa"]
[Black "Strinic, Hamdija"]
[Result "1-0"]
[WhiteElo "1896"]
[BlackElo "1689"]
[EventDate "2016.05.28"]
[PlyCount "37"]

1.d4 Nf6 2.Nf3 e6 3.g3 d5 4.Bg2 c5 5.O-O Nc6 6.b3 b5 7.c4 Ba6 8.cxb5 Bxb5 
9.Nc3 Ba6 10.Ba3 Nb4 11.Na4 cxd4 12.Nxd4 Rc8 13.Qd2 Qa5 14.Rfc1 Bd6 15.
Rxc8+ Bxc8 16.Nc2 Nxc2 17.Qxa5 Nxa3 18.Rc1 O-O 19.Nc5 1-0

[Event "46th Bosna it"]
[Site "Sarajevo BIH"]
[Date "2016.05.31"]
[Round "5.53"]
[White "Gacic, Uzeir"]
[Black "Cabric, Izet"]
[Result "0-1"]
[WhiteElo "1713"]
[BlackElo "1930"]
[EventDate "2016.05.28"]
[PlyCount "72"]

1.e4 d6 2.d4 Nf6 3.Nc3 g6 4.h3 Bg7 5.Be3 c6 6.Bd3 Nbd7 7.Qd2 h6 8.Nf3 Qa5 
9.a3 c5 10.e5 cxd4 11.Bxd4 Nxe5 12.Nxe5 dxe5 13.b4 Qc7 14.Be3 Bd7 15.O-O 
a6 16.Rab1 Rc8 17.Ne4 Nxe4 18.Bxe4 Bc6 19.Bxc6+ Qxc6 20.Rfc1 f5 21.c4 f4 
22.Ba7 O-O 23.Qa2 Qe6 24.b5 Ra8 25.Bc5 b6 26.Bb4 a5 27.Be1 Rac8 28.Qe2 e4 
29.Rb3 Bd4 30.h4 Rc5 31.Bd2 Kg7 32.Kf1 e3 33.Be1 f3 34.Qd3 fxg2+ 35.Kxg2 
Qg4+ 36.Kh2 Qf4+ 0-1

[Event "46th Bosna it"]
[Site "Sarajevo BIH"]
[Date "2016.05.31"]
[Round "5.54"]
[White "Colpa, Husein"]
[Black "Fejzic, Edo"]
[Result "1-0"]
[WhiteElo "1926"]
[BlackElo "1696"]
[EventDate "2016.05.28"]
[PlyCount "63"]

1.Nf3 Nf6 2.c4 g6 3.d4 Bg7 4.Nc3 O-O 5.e4 d6 6.Bg5 e5 7.dxe5 dxe5 8.Qxd8 
Rxd8 9.Nd5 Nbd7 10.O-O-O Rf8 11.Nxc7 Rb8 12.Bd3 Nc5 13.Bxf6 Bxf6 14.Bc2 
Bg4 15.Nd5 Bg7 16.h3 Be6 17.g4 Rbd8 18.b4 Na6 19.a3 b6 20.Bb3 Rfe8 21.Kc2 
Bxd5 22.cxd5 Rc8+ 23.Kd3 Red8 24.Rc1 Nc7 25.Rc6 Nb5 26.Rhc1 Rxc6 27.Rxc6 
Nxa3 28.Ba4 f5 29.exf5 gxf5 30.gxf5 Rxd5+ 31.Ke4 Rd7 32.Rc8+ 1-0

[Event "46th Bosna it"]
[Site "Sarajevo BIH"]
[Date "2016.05.31"]
[Round "5.55"]
[White "Krug, Franz-Dieter"]
[Black "Nikolovska, Dragana"]
[Result "0-1"]
[WhiteElo "1680"]
[BlackElo "1875"]
[EventDate "2016.05.28"]
[PlyCount "36"]

1.d4 Nf6 2.c4 c5 3.e3 g6 4.Nf3 Bg7 5.Be2 O-O 6.Nc3 cxd4 7.exd4 d5 8.cxd5 
Nxd5 9.O-O Nc6 10.Nxd5 Qxd5 11.Be3 Rd8 12.b3 Nxd4 13.Nxd4 Bxd4 14.Bc4 Qe5 
15.Qf3 Bxa1 16.Qxf7+ Kh8 17.Rxa1 Qxa1+ 18.Bf1 Qf6 0-1

[Event "46th Bosna it"]
[Site "Sarajevo BIH"]
[Date "2016.05.31"]
[Round "5.57"]
[White "Marn, Jan"]
[Black "Maric, Vedran"]
[Result "1-0"]
[WhiteElo "1831"]
[BlackElo "1588"]
[EventDate "2016.05.28"]
[PlyCount "83"]

1.e4 c5 2.c3 d5 3.exd5 Qxd5 4.d4 e6 5.Nf3 Nf6 6.Be3 Ng4 7.Qd2 Nxe3 8.fxe3 
Be7 9.Bd3 O-O 10.O-O cxd4 11.exd4 Rd8 12.Qc2 g6 13.Ne5 Rf8 14.Nd2 Nc6 15.
Be4 Nxd4 16.Qd3 Ne2+ 17.Qxe2 Qxe5 18.Qf3 Rb8 19.Rae1 f5 20.Bd3 Qc5+ 21.Kh1
e5 22.Bc4+ Kg7 23.Qe2 Bf6 24.Nb3 Qe7 25.Qf2 b6 26.Qe2 e4 27.Nd4 Qc5 28.
Ne6+ Bxe6 29.Bxe6 Rbd8 30.b4 Qc7 31.Bxf5 gxf5 32.Rxf5 Qd7 33.Qxe4 Rfe8 34.
Qg4+ Kh8 35.Ref1 Qg7 36.Qf3 Be5 37.Qh5 Re6 38.Rg5 Qh6 39.Rxe5 Qxh5 40.Rxh5
Re7 41.h3 Re2 42.Rf7 1-0

[Event "46th Bosna it"]
[Site "Sarajevo BIH"]
[Date "2016.05.31"]
[Round "5.58"]
[White "Johnen, Franz"]
[Black "Peric, Pero"]
[Result "0-1"]
[WhiteElo "1693"]
[BlackElo "1746"]
[EventDate "2016.05.28"]
[PlyCount "80"]

1.d4 d5 2.Nf3 Nc6 3.e3 a6 4.c4 e6 5.Nc3 Nf6 6.Be2 b6 7.O-O Bd6 8.b3 O-O 9.
Bb2 h6 10.Rc1 Bb7 11.Qc2 Nb4 12.Qb1 dxc4 13.bxc4 Ng4 14.h3 Nf6 15.a3 Nc6 
16.Rfd1 Nh7 17.d5 exd5 18.Nxd5 Ne7 19.Bd3 f5 20.e4 Nxd5 21.exd5 Bc8 22.Re1
Ng5 23.Ne5 f4 24.Nc6 Qd7 25.h4 f3 26.Ne7+ Bxe7 27.Rxe7 Qxe7 28.Re1 Nh3+ 
29.Kh2 Qxh4 30.g3 Qg4 31.Qc2 Ng5 32.Bf1 Bf5 33.Qd1 Qh5+ 34.Kg1 Nh3+ 35.
Bxh3 Bxh3 36.Re7 Rf7 37.Rxf7 Qxf7 38.Qd4 Re8 39.Kh2 Bg2 40.g4 Re1 0-1

[Event "46th Bosna it"]
[Site "Sarajevo BIH"]
[Date "2016.05.31"]
[Round "5.60"]
[White "Kocanovic, Armin"]
[Black "Demic, Aleksandar"]
[Result "0-1"]
[WhiteElo "1592"]
[BlackElo "1727"]
[EventDate "2016.05.28"]
[PlyCount "62"]

1.c4 Nf6 2.d4 e6 3.Nf3 Bb4+ 4.Bd2 Qe7 5.a3 Bxd2+ 6.Nbxd2 d6 7.e3 O-O 8.Bd3
e5 9.Ne4 Nxe4 10.Bxe4 f5 11.Bc2 e4 12.Nd2 Qg5 13.O-O b6 14.d5 Nd7 15.Qe2 
Re8 16.Nb3 Ne5 17.Nd4 Ba6 18.b3 Rab8 19.Kh1 Bc8 20.Nb5 Rb7 21.Nd4 Bd7 22.
f4 exf3 23.gxf3 Qh5 24.Rae1 Rbb8 25.Rg1 Rf8 26.Qg2 g6 27.Qg5 Qxg5 28.Rxg5 
Kg7 29.Reg1 Kf6 30.Kg2 Kxg5 31.h4+ Kf6 0-1